000 00444nam a2200157Ia 4500
005 20250307013529.0
008 240331s9999 xx 000 0 und d
082 _bURU
_24528
_a894.811
100 _aUruthiramurthi, P
245 0 _aMahakaviyin Kodai
250 _a3rd Edition
260 _aJaffna,
_bPoobalasingam Puuthahasalai,
_c1990
300 _axiv, 74 p.,
500 _aScreenplay of 'Kodai', one of Mahakavi's greatest work.
942 _cL
999 _c3766
_d3766